| 000 | 00726nam a2200193 a 4500 | ||
|---|---|---|---|
| 001 | 3533 | ||
| 003 | CDMR | ||
| 005 | 20131023171825.0 | ||
| 008 | 130130s1982||||||||||||||||||||||||||||d | ||
| 020 | _a8431307765 | ||
| 040 |
_aCDMR _bcat _cCDMR |
||
| 111 | 2 |
_aTelevisión Pública. Televisión Privada _cBarcelona _d1981 _n6º _92531 |
|
| 245 | 1 | 0 |
_aTelevisión pública, televisión privada _b: VI Jornadas de Estudio para Antiguos Alumnos : Pamplona 1,y 2 de Mayo de 1981 |
| 260 |
_aPamplona _c1982 _bUniversidad de Navarra |
||
| 650 | 0 | 4 |
_94168 _aIndústria de la televisió |
| 650 | 0 | 4 |
_91607 _aMitjans de comunicació de massa _zEuropa |
| 650 | 0 | 4 |
_93267 _aMitjans de comunicació de massa _zEstats Units d'Amèrica |
| 942 |
_cMON _2udc |
||
| 999 |
_c3533 _d3533 |
||